Регионална библиотека "Любен Каравелов" - Русе

Война и мир. Л. Н. Толстой [Изобразителен материал] (Запис номер 212009)

MARC детайли
000 -Лидер
Контролно поле с фиксирана дължина nkm a22 a 4500
003 - Код на организацията, давaща контролен номер
Контролно поле BLK
005 - Дата и час на последна редакция
Контролно поле 20200916135130.0
008 - Елементи от данни с фиксирана дължина
fixed length control field 180413b bul rap|r|||| r0| ||bulo|
010 ## - Наследен системен номер
LC control number KNG00199282000
040 ## - Източник на каталожния запис
Идентификатор на билиотеката - собственик на записа BLK
041 ## - Код за език
Код за езика на текст/звукозапис или на отделно заглавие Руски
Код за езика КДБФ Руски
080 ## - УДК
Текстов определител УДК Руска литература
УДК код - определител по УДК 821.161.1
УДК определител (084.1)
УДК - код + определител 821.161.1(084.1)
080 ## - УДК
Текстов определител УДК Малки графични форми. Илюстровани картички
УДК код - определител по УДК 769.4
УДК определител (47+57)
УДК - код + определител 769.4(47+57)
080 ## - УДК
Текстов определител УДК Руски писател
УДК код - определител по УДК 929 Толстой, Лев Николаевич
УДК - код + определител 929 Толстой, Лев Николаевич
100 ## - Редна дума - Автор
R(LIN) 1637
Автор Николаев, Александр Васильевич
Авторска отговорност худож.
139 ## - Редно поле
Редна дума Николаев, Александр Васильевич
Авторски знак Толст - Т 67
245 10 - Сведения за заглавието
Заглавие Война и мир. Л. Н. Толстой [Изобразителен материал]
Редно поле (дума) иллюстрации А. В. Николаева ; текст Л. Аннинского.
257 ## - Страна на издаване
Страна на създаване/издаване СССР
260 ## - Област на издателските данни
Година на издаване 1981
9 (RLIN) 210591
Място на издаване, разпространение и проч. Москва
Име на издателя, разпространителя и проч. Изобраз. искусство
300 ## - Физическа характеристика
Страници 1 папка (2 с. текст, 32 отд. л.)
Илюстрации и др. цв. ил.
Размери/Мащаб 21Х16 см
380 ## - Жанр
Жанр Изкуство
500 ## - Общи забележки
Забележка 200 000 тир.
600 #0 - Име на лице, използвано като предмет
9 (RLIN) 367573
За него / За нея Толстой, Лев Николаевич
653 #7 - Ключова дума – ненормативна
9 (RLIN) 188365
Ключова дума картички
700 ## - Други автори (авторска отговорност)
Лично име Толстой, Лев Николаевич
Автороска отговорност (Описва отношението между автора и произведението) по
9 (RLIN) 367573
700 ## - Други автори (авторска отговорност)
Лично име Аннинский, Лев Александрович
Автороска отговорност (Описва отношението между автора и произведението) текст
9 (RLIN) 1581
852 ## - Местоположение
Форматна сигнатура Цб 302549
856 4# - Електронен адрес и достъп
Електронен формат pdf - файл
Път до файла /url/
856 4# - Електронен адрес и достъп
Електронен формат pdf - файл
Път до файла /url/
999 ## - СИСТЕМНИ КОНТРОЛНИ НОМЕРА
Koha biblionumber 212009
Koha biblioitemnumber 212009
942 ## - АРТИКУЛИ
Вид на библиотечния материал Графични издания
Скрит в OPAC Не
Периодичен библиозапис Да
944 ## - СЪЗДАВАНЕ И РЕДАКЦИЯ на ЗАПИСА
Създаване/Редакция Създаване
Дата на регистрацията/редакция 18.01.2017
Служител, извършил регистрацията/редакцията Виолета_Тройчева
944 ## - СЪЗДАВАНЕ И РЕДАКЦИЯ на ЗАПИСА
Създаване/Редакция Редакция
Дата на регистрацията/редакция 23.01.2017
Служител, извършил регистрацията/редакцията Пенка_Димитрова
999 ## - СИСТЕМНИ КОНТРОЛНИ НОМЕРА
Koha biblioitemnumber 212009
999 ## - СИСТЕМНИ КОНТРОЛНИ НОМЕРА
Koha biblioitemnumber 212009
999 ## - СИСТЕМНИ КОНТРОЛНИ НОМЕРА
Koha biblioitemnumber 212009
999 ## - СИСТЕМНИ КОНТРОЛНИ НОМЕРА
Koha biblioitemnumber 212009
999 ## - СИСТЕМНИ КОНТРОЛНИ НОМЕРА
Koha biblioitemnumber 212009
999 ## - СИСТЕМНИ КОНТРОЛНИ НОМЕРА
Koha biblioitemnumber 212009
999 ## - СИСТЕМНИ КОНТРОЛНИ НОМЕРА
Koha biblioitemnumber 212009
Наличности
Код за отписване Код за изгубен артикул Източник на класификационната схема Код за повреда Коз за рестрикции Код за отдаване Артикулен № Име на библиотеката - собственик Име на библиотеката, в която се намира в момента Статус (Текущо местоположение) Дата на вписване в системата Местоположение - отдел Цена в лева Инвентарен номер Систематично азбучна сигнатура Баркод Номер на екземпляра Цена в евро Служебна бележка Служебен тип на артикула
  Не е изгубен Universal Decimal Classification Не е повреден без рестрикции ползва се в читалня 363979 Регионална библиотека "Любен Каравелов" Русе Регионална библиотека "Любен Каравелов" Русе Хранилище 2017-01-16 Основен фонд - ползва се само за читалня 18.00 120000807865 Цб 302549 120000807865 1 9.20 Дост: DA Вид: А N: 4 Дата: 16.01.2017 Графични издания
Vip Innovations Ltd, Rousse, Bulgaria 2025